Hudebniny Hudebniny
Uloženo v:
LEADER 02557ncm a22004692a 4500
001 001230390
003 CZ BrMZK
005 20150219171322.0
007 qu
008 051214s1903 xr |||||||||||||| cze d
040 |a BOA001  |b cze 
072 7 |a 784  |x Vokální hudba  |2 Konspekt  |9 9 
245 0 0 |a Hudební příloha Zlaté Prahy  |h [hudebnina] :  |b roč. VII, č. 1-10/11,12 /  |c pořádá V.J. Novotný 
246 3 0 |a Zlatá Praha 
246 1 4 |a Hudební salon Zlaté Prahy 
260 |a V Praze :  |b J. Otto,  |c 1903 
300 |a 1 sv. (nestránkováno) 
500 |a Zpěv a klavír 
500 |a Klavír solo 
505 0 0 |t Ukázka z baletní pantomimy "Olim" /  |r Jindřich z Káanů --  |t Ukázka hudební k Zeyerově legendě "Pod jabloní" /  |r Josef Suk --  |t Ukázka z nejnovější zpěvohry "Šumavská víla".  |t Sousedská /  |r J.R. Rozkošný --  |t Ukázka z baletní pantomimy "Olim".  |t Pas de deux /  |r Jindřich z Káanů --  |t Ukázka z nejnovější zpěvohry "Staří blázni".  |t Cibulička /  |r Jan Malát --  |t Ukázka z kruhu písní "Smutná láska".  |t V té zahrádce naší-- ;  |t Ach proč jen ta rozmarýna /  |r Karel Eman. Macan --  |t Z hudební pozůstalosti Josefa Slavíka.  |t Polonaise --  |t Ukázka z moravské opery "Ječmínek".  |t Píseň Jiřiny /  |r C.M. Hrazdíra --  |t Ukázka z kruhu klavírních skladeb Emanuela Jaroše.  |t Píseň, op. 7. č. 5 --  |t Ukázka z cyklu "Pohádky".  |t Princ a víla /  |r Em. Chvála --  |t Ukázka z cyklu "Písně o marné lásce. /  |t Zraje žito /  |r V.J. Novotný ; Teréza Dubrovská 
700 1 |a Novotný, Václav Juda,  |d 1849-1922  |7 jk01090778  |4 edt 
700 1 |a Káan z Albestů, Jindřich,  |d 1852-1926  |7 jk01052299  |4 edt 
700 1 |a Suk, Josef,  |d 1874-1935  |7 jn19990009999  |4 cmp 
700 1 |a Rozkošný, Josef Richard,  |d 1833-1913  |7 jk01102923  |4 cmp 
700 1 |a Malát, Jan,  |d 1843-1915  |7 jk01073183  |4 cmp 
700 1 |a Macan, Karel Emanuel,  |d 1858-1925  |7 jk01072744  |4 cmp 
700 1 |a Slavík, Josef,  |d 1806-1833  |7 kup20000000091828  |4 cmp 
700 1 |a Hrazdira, Cyril Metoděj,  |d 1868-1926  |7 jk01042681  |4 cmp 
700 1 |a Jaroš, Emanuel,  |d 1882-1959  |7 jk01051242  |4 cmp 
700 1 |a Chvála, Emanuel,  |d 1851-1924  |7 jk01050409  |4 cmp 
740 0 2 |a Olim 
740 0 2 |a Pod jabloní 
740 0 2 |a Šumavská víla 
740 0 2 |a Staří blázni 
740 0 2 |a Smutná láska 
740 0 2 |a Ječmínek 
740 0 2 |a Pohádky 
740 0 2 |a Písně o marné lásce 
910 |a BOA001  |b Mus4-0410.287 
990 |a MU 
991 |b 201207 
996 6 |b 2619467728  |c Mus4-0410.287  |l MZK  |r Sklad / do 1 hodiny  |n 0  |w 001264228  |u 000010  |a 1  |e BOA001  |j MZK50  |s P